Jubilant Július Nemčík

Bibliographic Details
Main Authors: Z. B. (Author), Békésová, Zuzana (Author)
Format: Article
Language:Slovak
PhysicalDescription:Obr. 3.
Subjects:

MARC

LEADER 00000nab a2200000 a 4500
001 vtls000046125
003 SK-MaSNL
005 20260304213546.0
008 111103c1979 xo 0 slo
015 |a SNBRB19rr/mm-uuuuu 
035 |a CL0056220 
040 |a SNKBUCL  |b slo  |c SNKBUCL  |e AACR2 
041 0 |a slo 
044 |a xo  |c SK 
080 |a 75  |2 1981 
080 |a 92 Nemčík, Július  |2 1981 
100 1 |a Z. B.  |4 aut  |9 899156 
245 1 0 |a Jubilant Július Nemčík  |c Z.B. ; Zuzana Békésová 
300 |b Obr. 3. 
650 0 7 |a Nemčík, Július,  |d 1909-1986  |2 snkbucl  |9 1546619 
655 7 |a články z novín a časopisov  |2 snkbucl  |9 267496 
700 1 |a Békésová, Zuzana  |4 aut  |9 1005563 
773 0 |t Príroda a spoločnosť  |g Č. 23 (1979), s. 44-46 
850 |a Slovenská národná knižnica v Martine  |a MTA001 
852 |a SNK  |b KIS3GCP 
958 |a RK 
992 |a RBX 
999 |c 3136459  |d 3138389